Cleopatra's Needles and other egyptian obelisks: a series of descriptions of all the important inscribed obelisks, with hieroglyphic texts, translations, etc.

Shranjeno v:
Bibliografske podrobnosti
Glavni avtor: Wallis Budge, Ernest Alfred
Format: Knjiga
Jezik:angleščina
Izdano: London, England, United Kingdom Religious Tract Society 1926
Teme:
Oznake: Označite
Brez oznak, prvi označite!

MARC

LEADER 00000nam a2200000 a 4500
001 UCJ6634
003 CL-VaPUC
005 20240619100132.0
008 070124e19260000UK |||||||||||||||||eng|d
999 |c 322736  |d 322734 
040 |c Pontificia Universidad Católica de Valparaíso 
082 0 4 |a 932 BUD 1926  |2 21 
100 |a Wallis Budge, Ernest Alfred  |9 516815 
245 1 0 |a Cleopatra's Needles and other egyptian obelisks: a series of descriptions of all the important inscribed obelisks, with hieroglyphic texts, translations, etc. 
260 0 3 |a London, England, United Kingdom  |b Religious Tract Society  |c 1926 
300 |a 308 páginas 
500 |a Ilustraciones conforme a lo señalado en índice 
583 |a last modification  |c 20070124 00:00:00  |k Rodrigo Vera 
650 0 |a Arqueología   |9 265619 
650 0 |a Arquitectura  |9 804558 
650 7 |a OBELISCOS  |2 CL-VaPUC  |9 513629 
650 0 |a Simbolismo  |9 267046 
650 0 |a Religión   |9 255164 
650 7 |a JEROGLIFICOS  |2 CL-VaPUC  |9 265779 
650 0 |a Ilustraciones  |9 369481 
651 0 |a Egipto   |9 268199 
942 |c BK  |2 ddc 
945 |d 20070124 00:00:00  |a rinostro 
952 |0 0  |1 0  |2 ddc  |4 0  |6 932_000000000000000_BUD_1926  |7 0  |8 X  |9 401799  |a FDOBUD  |b FDOBUD  |d 2019-11-22  |i 1050567  |o 932 BUD 1926  |p 1050567  |r 2019-11-22  |t 1  |w 2019-11-22  |y BK_X  |k BUD